| 000 | 00775nac a22002051u 4500 | ||
|---|---|---|---|
| 008 | 100218t xxu||||| |||| 00| 0 eng d | ||
| 010 | _a85014622 | ||
| 020 | _a9788126518951 | ||
| 082 | 0 | 0 |
_a621.3815 _bMAI _221 |
| 100 |
_aMaini, Anil K. _911504 |
||
| 245 | 1 | 0 |
_aElectronic devices and circuits / _cAnil K. Maini, Varsha Agrawal. |
| 260 |
_a[New Delhi ]: _bWiley, _cc.2009. |
||
| 300 |
_axii, 718 p. : _bill. ; _c24 cm. |
||
| 500 | _aIncludes index. | ||
| 650 | 0 |
_aSemiconductors. _911505 |
|
| 650 | 0 |
_aElectronic circuits. _911506 |
|
| 650 | 0 |
_aElectronic apparatus and appliances. _911507 |
|
| 942 |
_cBB _k621.3815MAI _2ddc |
||
| 999 |
_c13421 _d13421 |
||